000 00447nam a2200169Ia 4500
008 210716s2003 xx 000 0 und d
020 _a0074630172
041 _aeng
082 _a657.046 MUKA
100 _aMukherjee, Amitabha;Hanif, Mohammed.
245 _aModern accountancy.
250 _a2
260 _aNew Delhi
_bTata McGraw Hill Publishing Company Ltd
_c2003
300 _axvi.37.74/2005
440 _v1
650 _aAccounting(657)
999 _c199835
_d199835